000 00517nam a2200169Ia 4500
008 090201s9999 xx 000 0 und d
010 _aKPL-43908
040 _bमराठी
041 _aमराठी
082 _a28919
_b43908
100 _aरामचंद्र ओक
245 _aगंगा लहरी
_cरामचंद्र ओक
260 _c2004
_bकेशव तामोवा टोपे
300 _a41
_bमोठा
600 _aगंगा लहरी
942 _cBOOK
999 _c227583
_d227583